01234naa#a2200181#i#4500001001600000005001700016011001400033100004100047102000700088200013700095210011800232215001000350608004500360675050300405686007700908700005200985856001501037RU\\bibl\12326020260605001829.5##a2782-5957##a20260529b2026####ek#y0rusy0150####ca##aRU1#aНИКОЛАЙ МАТВЕЕВИЧ АБРАМОВ (к 150-летию со дня рождения)eЖурнальная статья1#aБрянскcБрянский государственный технический университетd2026##a6 с.##aЖурнальная статья2local##aЦенность, значение, польза, место и подчинение, защита и поощрение науки. 001.3aСоциография. Описательное изучение общества (как качественное, так и количественное). 308aВысшее образование. Высшая школа. Подготовка научных кадров. 378aБиографические и подобные исследования. 929##aОбразование. Педагогическая наука. 742bbk#1aПопковgВладимир Иванович4#anaukaru.ru